Special force (Record no. 197710)
[ view plain ]
| 000 -LEADER | |
|---|---|
| fixed length control field | 01448nam a2200325 a 4500 |
| 100 1# - MAIN ENTRY--AUTHOR NAME | |
| Personal name | Mackenzie, Alastair. |
| 245 10 - TITLE STATEMENT | |
| Title | Special force |
| 260 ## - PUBLICATION, DISTRIBUTION, ETC. (IMPRINT) | |
| Place of publication | London : |
| Name of publisher | I.B. Tauris, |
| Year of publication | 2011, c2007. |
| 300 ## - PHYSICAL DESCRIPTION | |
| Number of Pages | xi, 352 p. : |
| Other physical details | ill. |
| 505 0# - FORMATTED CONTENTS NOTE | |
| Formatted contents note | pt. 1. Background -- pt. 2. Imperial policing -- pt. 3. Conventional wars -- pt. 4. Countering terrorism, and international humanitarian operations -- pt. 5. Conclusion. |
| 856 40 - ELECTRONIC LOCATION AND ACCESS | |
| Uniform Resource Identifier | http://site.ebrary.com/lib/rucke/Doc?id=10554344 |
No items available.
